Red Cross : A Seed in Magnitude (Record no. 503094)

000 -LEADER
fixed length control field 00420cam a22001337a 4500
008 - FIXED-LENGTH DATA ELEMENTS--GENERAL INFORMATION
fixed length control field 180718b2006 xxu||||| |||| 00| 0 eng d
020 ## - INTERNATIONAL STANDARD BOOK NUMBER
International Standard Book Number 818813452
082 ## - DEWEY DECIMAL CLASSIFICATION NUMBER
Classification number Q09 Sh84
100 ## - MAIN ENTRY--PERSONAL NAME
Personal name Shreevastav K.N.P
245 ## - TITLE STATEMENT
Title Red Cross : A Seed in Magnitude
Statement of responsibility, etc. By K.N.P.Shreevastav
260 ## - PUBLICATION, DISTRIBUTION, ETC.
Place of publication, distribution, etc. New Delhi
Name of publisher, distributor, etc. Satyam Publishing House
Date of publication, distribution, etc. 2006
300 ## - PHYSICAL DESCRIPTION
Extent 430p.
650 ## - SUBJECT ADDED ENTRY--TOPICAL TERM
Topical term or geographic name entry element International Red Cross and Red Crescent Movement -- History
Holdings
Withdrawn status Lost status Damaged status Not for loan Permanent Location Current Location Date acquired Full call number Barcode Date last seen Price effective from Koha item type
        Indian Institute of Public Administration Indian Institute of Public Administration 2018-08-04 Q09 Sh84 GR19478 2018-08-04 2018-08-04 GR

Powered by Koha